Mariano Marcos State University

University Library System

Environmental science / (Record no. 29153)

MARC details
000 -LEADER
fixed length control field 00721nam a22002297a 4500
003 - CONTROL NUMBER IDENTIFIER
control field OSt
005 - DATE AND TIME OF LATEST TRANSACTION
control field 20260512141100.0
008 - FIXED-LENGTH DATA ELEMENTS--GENERAL INFORMATION
fixed length control field 260512b |||||||| |||| 00| 0 eng d
020 ## - INTERNATIONAL STANDARD BOOK NUMBER
International Standard Book Number 9786214093052 Pbk. Np.
040 ## - CATALOGING SOURCE
Original cataloging agency MMSU
Transcribing agency ULS
050 ## - LIBRARY OF CONGRESS CALL NUMBER
Classification number GE 105 B84 2025 F
100 ## - MAIN ENTRY--PERSONAL NAME
Personal name Bueno, David Cababaro
245 ## - TITLE STATEMENT
Title Environmental science /
Statement of responsibility, etc. David Cababaro Bueno.
250 ## - EDITION STATEMENT
Edition statement Second edition.
260 ## - PUBLICATION, DISTRIBUTION, ETC.
Place of publication, distribution, etc. Mandaluyong City :
Name of publisher, distributor, etc. Books, Atbp. Publishing Corporation,
Date of publication, distribution, etc. 2025.
300 ## - PHYSICAL DESCRIPTION
Extent x, 224 pages :
Other physical details illustrations ;
Dimensions 26 cm.
504 ## - BIBLIOGRAPHY, ETC. NOTE
Bibliography, etc. note Includes bibliographical references.
650 ## - SUBJECT ADDED ENTRY--TOPICAL TERM
Topical term or geographic name entry element Environmental sciences.
650 ## - SUBJECT ADDED ENTRY--TOPICAL TERM
Topical term or geographic name entry element Human ecology.
650 ## - SUBJECT ADDED ENTRY--TOPICAL TERM
Topical term or geographic name entry element Environmental protection.
9 (RLIN) 547
942 ## - ADDED ENTRY ELEMENTS (KOHA)
Source of classification or shelving scheme
Koha item type Books
Holdings
Withdrawn status Lost status Source of classification or shelving scheme Damaged status Not for loan Home library Current library Shelving location Date acquired Inventory number Total Checkouts Full call number Barcode Date last seen Price effective from Koha item type
          MMSU Laoag Campus Library MMSU Laoag Campus Library Filipiniana Section 05/12/2026 26-0052   GE 105 B84 2025 F LCLib 41823 05/12/2026 05/12/2026 Books
          MMSU Main Library MMSU Main Library Filipiniana Section 05/12/2026 26-0051   GE 105 B84 2025 F 41822 05/12/2026 05/12/2026 Books

© 2023 Mariano Marcos State University. All Rights Reserved.

Powered by Koha